000 02146cas a2200457 a 4500
001 11443566
003 OSt
005 20110513122712.0
008 940606c19939999enkqx w 0 a0eng d
010 _a 94659138
020 _a9780406029141
035 _a(OCoLC)ocm30558760
040 _aMoU
_cMoU
_dDLC
_dMH
_dDLC
_dMH-L
042 _alc
043 _ab------
050 0 0 _aK528
_b.L39
082 0 0 _a348.043 LAW
_222
245 0 0 _aLaw reports of the Commonwealth 1993 Vol.1 /
260 _aLondon :
_bButterworths,
_cc1994-
300 _av. ;
_c25 cm.
310 _aFour issues yearly
362 0 _a1993, v. 1-
555 _aCumulative index: 1980-1997. (Includes index to the publication under its earlier titles). 1 v.
580 _aFormed by the union of: Law reports of the Commonwealth. Commercial law reports; Law reports of the Commonwealth. Constitutional and administrative law reports; and: Law reports of the Commonwealth. Criminal law reports.
590 _aSERBIB/SERLOC merged record
650 0 _aCommercial law
_zCommonwealth countries
_vCases.
_94134
650 0 _aLaw reports, digests, etc.
_zCommonwealth countries.
_94135
650 0 _aAdministrative law
_zCommonwealth countries
_vCases.
_94136
650 0 _aCriminal law
_zCommonwealth countries
_vCases.
_94137
650 0 _aConstitutional law
_zCommonwealth countries
_vCases.
_94138
740 0 2 _aLaw reports of the Commonwealth.
_pEditorial review, tables, and index.
780 1 4 _tLaw reports of the Commonwealth. Commercial law reports
_x0952-1046
_w(DLC) 88641566
_w(OCoLC)13295895
780 1 4 _tLaw reports of the Commonwealth. Constitutional and administrative law reports
_x0951-0699
_w(DLC) 87642747
_w(OCoLC)12794104
780 1 4 _tLaw reports of the Commonwealth. Criminal law reports
_w(DLC) 87642746
_w(OCoLC)13490130
906 _a7
_bcbc
_cserials
_du
_encip
_f19
_gn-oclcserc
942 _2ddc
_cLRT
999 _c1916
_d1916